| 000 | 01872cam a2200361 a 4500 | ||
|---|---|---|---|
| 001 | 5264149 | ||
| 003 | OSt | ||
| 005 | 20180117085947.0 | ||
| 008 | 040813s2005 nyu b 000 0deng | ||
| 010 | _a 2004057161 | ||
| 020 | _a140003356X (trade paper) | ||
| 035 | _a(OCoLC)ocm56324732 | ||
| 035 | _a(NNC)5264149 | ||
| 040 |
_aDLC _cDLC _dC#P _dOrLoB-B |
||
| 043 | _an-us--- | ||
| 050 | 0 | 0 |
_aPN4867 _b.N38 2005 |
| 082 | 0 | 0 |
_a071/.3/0904 _222 |
| 245 | 0 | 4 |
_aThe new new journalism : _bconversations with America's best nonfiction writers on their craft / _cRobert S. Boynton. |
| 260 |
_aNew York : _bVintage Books, _c2005. |
||
| 300 |
_axxxiv, 456 p. ; _c21 cm. |
||
| 500 | _a"A Vintage original"--Cover. | ||
| 504 | _aIncludes bibliographical references. | ||
| 505 | 0 | 0 |
_tTed Conover -- _tRichard Ben Cramer -- _tLeon Dash -- _tWilliam Finnegan -- _tJonathan Harr -- _tAlex Kotlowitz -- _tJon Krakauer -- _tJane Kramer -- _tWilliam Langewiesche -- _tAdrian Nicole LeBlanc -- _tMichael Lewis -- _tSusan Orlean -- _tRichard Preston -- _tRon Rosenbaum -- _tEric Schlosser -- _tGay Talese -- _tCalvin Trillin -- _tLawrence Weschler -- _tLawrence Wright. |
| 520 | 1 | _a"Forty years after Tom Wolfe, Hunter S. Thompson, and Gay Talese launched the New Journalism movement, Robert S. Boynton sits down with nineteen practitioners of what he calls the New New Journalism to discuss their methods, writings, and careers."--BOOK JACKET. | |
| 650 | 0 |
_aJournalism _zUnited States _xHistory _y20th century. |
|
| 650 | 0 |
_aNonfiction novel _xHistory and criticism. |
|
| 650 | 0 |
_aJournalists _zUnited States _vInterviews. |
|
| 700 | 1 | _aBoynton, Robert S. | |
| 900 | _bTOC | ||
| 942 |
_2ddc _cBK |
||
| 948 | 2 |
_a20050913 _ba _crad1 _dMPS |
|
| 999 |
_c2682 _d2682 |
||